แสดงรายละเอียดบรรณานุกรม
  กลับหน้าหลัก

Brief Record : Get Marc (ISO 2709) : E-mail record : QR code ปิดหน้าต่าง
E-books : เกี่ยวกับ Collections
LEADER 00000nam 2200000uu 4500
001    206616
003     ULIBM
008    111005s2553||||th 000 0 tha d
024    9789741075430
040    ^aBcnkk.
041 0  ^aTha.
060  0 LB 1043 น784 2553.
100 0  ^aเนตร หงษ์ไกรเลิศ.
245 00 ^aการใช้โสตทัศนูปกรณ์./^bเนตร หงษ์ไกรเลิศ.
250    ^aพิมพ์ครั้งที่ 1.
260    ^aนนทบุรี : ^bโครงการสวัสดิการวิชาการ สถาบันพระบรมราชชนก,^c2553.
300    ^aจำนวน 221 หน้า;^bภาพประกอบ.
650  0 ^aโสตทัศนูปกรณ์.
650  0 ^aโสตทัศนศึกษา.
700 0  ^aอรุณี ยันตรปกรณ์,บรรณาธิการ.
710 1  ^aสถาบันพระบรมราชชนก. โครงการสวัสดิการวิชาการ.
999    ^aใช้งานได้ทุกระบบ
รายการนี้ยังไม่มีแท็ก
คุณยังไม่ได้ล็อกอิน คุณสามารถมีกิจกรรมร่วมกับเว็บไซต์ได้ แต่ต้องล็อกอินก่อน ::
  ล็อกอิน
ลำดับที่ ประเภท เลขเรียก สถานที่ สถานะ
1. หนังสือทั่วไป
หนังสือทั่วไป
สถานะ=หนังสือเก่า - บริการ ณ ห้องสมุด (ห้องเหลือง)
LB 1043 น784 2553 ฉ.2 
  
หนังสือทั่วไป On Shelf
  ขอยืม
Note:ปีงบประมาณ 2555
2. หนังสือทั่วไป
หนังสือทั่วไป
สถานะ=หนังสือเก่า - บริการ ณ ห้องสมุด (ห้องเหลือง)
LB 1043 น784 2553 ฉ.3 
  
หนังสือทั่วไป On Shelf
  ขอยืม
Note:ปีงบประมาณ 2555
3. หนังสือทั่วไป
หนังสือทั่วไป
สถานะ=หนังสือเก่า - บริการ ณ ห้องสมุด (ห้องเหลือง)
LB 1043 น784 2553 ฉ.5 
  
หนังสือทั่วไป On Shelf
  ขอยืม
Note:ปีงบประมาณ 2555
4. หนังสือทั่วไป
หนังสือทั่วไป
LB 1043 น784 2553 ฉ.6 
  
หนังสือทั่วไป On Shelf
  ขอยืม
Note:ปีงบประมาณ 2555
   [แสดง 4/4 รายการ]

BibComment


ยังไม่เคยถูกคอมเมนท์

คอมเมนท์ทรัพยากรรายการนี้
  คอมเมนท์: การใช้โสตทัศนูปก..
Bib 206616

 
 
 

 Union Library Management : ULibM
Copyright 2026. All Rights Reserved.
скачать бесплатно без регистрации порно красивый секс HD Sex Hindi sex

xxx gou

xxxx

bfxxx

xxxwww

Секса Видео

xxxx

Секса Видео

detube

geilexxx

C99 Shell

worms shell

blod xxx video
Ebony Coed Rihanna Rimes Takes A Dick In Her Young Twat priyaa indian fuck anal and pusssy hardcore indian women xxx desi hardcore fucking part 1 bengalixxxcouple